[Event "Turkish Super League 2019"]
[Site "Konya"]
[Date "2019.07.26"]
[Round "11"]
[White "Ozturk, Kubra"]
[Black "Maltsevskaya, Aleksandra"]
[Result "1-0"]
[WhiteElo "2317"]
[BlackElo "2294"]
[Annotator "NA"]
[PlyCount "87"]
[EventDate "2019.07.17"]
[EventType "team-tourn"]
[EventCountry "TUR"]
[SourceTitle "playchess.com"]
[Source "ChessBase"]
[SourceQuality "1"]
[TimeControl "40/5400+30:1800+30"]

1. d4 Nf6 2. c4 g6 3. Nc3 Bg7 4. e4 d6 5. Nf3 O-O 6. Be2 e5 7. O-O Nc6 8. dxe5 dxe5 9. Bg5 Qxd1 10. Rfxd1 h6 11. Be3 Bg4 12. h3 Bxf3 13. Bxf3 Rfd8 14. Rxd8+ Rxd8 15. Nb5 Nd4 16. Nxc7 Nc2 17. Rd1 Rxd1+ 18. Bxd1 Nxe3 19. fxe3 Nxe4 20. Bf3 Nc5 21. b4 e4 22. bxc5 {[%emt 1:24:14]} exf3 {[%emt 0:42:00]} 23. Nb5 {[%emt 0:00:30]} Bf8 {[%emt 0:00:30]} 24. c6 {[%emt 0:00:30]} bxc6 {[%emt 0:00:30]} 25. Nxa7 {[%emt 0:00:30]} Bc5 {[%emt 0:00:30]} 26. Nxc6 {[%emt 0:00:30]} Bxe3+ {[%emt 0:00:30]} 27. Kf1 {[%emt 0:00:30]} fxg2+ {[%emt 0:00:30]} 28. Kxg2 {[%emt 0:00:30]} f5 {[%emt 0:00:30]} 29. a4 {[%emt 0:00:29]} Kf7 {[%emt 0:06:30]} 30. a5 {[%emt 0:00:01]} g5 {[%emt 0:08:30]} 31. a6 {[%emt 0:00:59]} Ke6 {[%emt 0:05:30]} 32. a7 {[%emt 0:00:27]} Bxa7 {[%emt 0:00:30]} 33. Nxa7 {[%emt 0:00:30]} h5 {[%emt 0:06:30]} 34. Nb5 {[%emt 0:03:16]} g4 {[%emt 0:12:30]} 35. h4 {[%emt 0:00:28]} f4 {[%emt 0:00:30]} 36. Nc3 {[%emt 0:10:11]} Kd6 {[%emt 0:05:31]} 37. Kf2 {[%emt 0:00:57]} Ke6 {[%emt 0:05:15]} 38. c5 {[%emt 0:00:31]} Ke5 {[%emt 0:00:13]} 39. c6 {[%emt 0:00:43]} Kd6 {[%emt 0:01:34]} 40. c7 {[%emt 0:00:00]} Kd7 {[%emt 0:00:00]} 41. Nd5 {[%emt 0:02:44]} f3 {[%emt 0:02:27]} 42. Nf6+ {[%emt 0:01:30]} Kxc7 {[%emt 0:00:30]} 43. Nxh5 {[%emt 0:00:30]} Kd6 {[%emt 0:00:30]} 44. Nf6 {[%emt 0:00:00]} 1-0

[Event "Turkish Super League 2019"]
[Site "Konya"]
[Date "2019.07.26"]
[Round "11"]
[White "Injac, Teodora"]
[Black "Yildiz Kadioglu, Betul Cemre"]
[Result "0-1"]
[WhiteElo "2305"]
[BlackElo "2290"]
[Annotator "NA"]
[PlyCount "76"]
[EventDate "2019.07.17"]
[EventType "team-tourn"]
[EventCountry "TUR"]
[SourceTitle "playchess.com"]
[Source "ChessBase"]
[SourceQuality "1"]
[TimeControl "40/5400+30:1800+30"]

1. Nf3 d5 2. g3 Nf6 3. Bg2 b5 4. a4 b4 5. c4 e6 6. cxd5 exd5 7. O-O Bd6 8. d4 O-O 9. Nbd2 Nbd7 10. a5 Ba6 11. Re1 Re8 12. Nh4 g6 13. e4 dxe4 14. Nxe4 Nxe4 15. Bxe4 Rb8 {[%emt 0:55:30]} 16. Bh6 {[%emt 1:12:00]} Nf6 {[%emt 0:07:30]} 17. Bf3 {[%emt 0:04:30]} Rxe1+ {[%emt 0:05:30]} 18. Qxe1 {[%emt 0:00:30]} Qe8 {[%emt 0:00:30]} 19. Qd2 {[%emt 0:03:20]} Qb5 {[%emt 0:00:30]} 20. d5 {[%emt 0:04:17]} Qd3 {[%emt 0:08:30]} 21. Qxd3 {[%emt 0:10:30]} Bxd3 {[%emt 0:00:30]} 22. Be3 {[%emt 0:01:29]} a6 {[%emt 0:00:30]} 23. Bd4 {[%emt 0:00:36]} Nd7 {[%emt 0:01:30]} 24. Rd1 {[%emt 0:00:19]} Bb5 {[%emt 0:00:30]} 25. Bg2 {[%emt 0:02:52]} Nc5 {[%emt 0:01:30]} 26. Nf3 {[%emt 0:01:11]} Nb3 {[%emt 0:00:45]} 27. Bf6 {[%emt 0:00:03]} Nxa5 {[%emt 0:06:59]} 28. Nd4 {[%emt 0:00:01]} Bc4 {[%emt 0:04:08]} 29. Nc6 {[%emt 0:02:12]} Nxc6 {[%emt 0:04:52]} 30. dxc6 {[%emt 0:00:01]} Re8 {[%emt 0:01:00]} 31. Bh3 {[%emt 0:00:53]} Bb5 {[%emt 0:01:20]} 32. Bd7 {[%emt 0:00:30]} Re2 {[%emt 0:00:45]} 33. Bg4 {[%emt 0:00:19]} Rc2 {[%emt 0:00:28]} 34. h4 {[%emt 0:00:46]} h5 {[%emt 0:01:06]} 35. Re1 {[%emt 0:00:29]} hxg4 {[%emt 0:01:29]} 36. Re8+ {[%emt 0:00:30]} Bf8 {[%emt 0:00:08]} 37. Be7 {[%emt 0:00:02]} Rc1+ {[%emt 0:00:02]} 38. Kh2 {[%emt 0:00:00]} Rh1+ {[%emt 0:00:10]} 0-1

[Event "Turkish Super League 2019"]
[Site "Konya"]
[Date "2019.07.26"]
[Round "11"]
[White "Sevgi, Volkan"]
[Black "Erdogan, Anil Berk"]
[Result "1-0"]
[WhiteElo "2302"]
[BlackElo "2116"]
[Annotator "NA"]
[PlyCount "81"]
[EventDate "2019.07.17"]
[EventType "team-tourn"]
[EventCountry "TUR"]
[SourceTitle "playchess.com"]
[Source "ChessBase"]
[SourceQuality "1"]
[TimeControl "40/5400+30:1800+30"]

1. Nf3 g6 2. g3 Bg7 3. Bg2 e5 4. e4 Nc6 5. O-O Nge7 6. c4 d6 7. Nc3 O-O 8. d3 h6 9. Be3 Bg4 10. Nd5 Nd4 11. Bxd4 exd4 12. Qb3 Nxd5 13. cxd5 Bxf3 14. Bxf3 c5 {[%emt 1:17:00]} 15. Qxb7 {[%emt 1:05:30]} Qb8 {[%emt 0:08:38]} 16. Qa6 {[%emt 0:01:30]} Qb6 {[%emt 0:02:46]} 17. Qa3 {[%emt 0:03:30]} a5 {[%emt 0:01:43]} 18. Rfc1 {[%emt 0:05:30]} Qb4 {[%emt 0:04:41]} 19. Qxb4 {[%emt 0:11:56]} axb4 {[%emt 0:00:02]} 20. Kg2 {[%emt 0:01:12]} Rfe8 {[%emt 0:03:29]} 21. a4 {[%emt 0:02:57]} bxa3 {[%emt 0:02:00]} 22. bxa3 {[%emt 0:00:30]} Reb8 {[%emt 0:00:30]} 23. Bd1 {[%emt 0:00:30]} Bf6 {[%emt 0:00:30]} 24. a4 {[%emt 0:00:30]} Bd8 {[%emt 0:00:30]} 25. Rcb1 {[%emt 0:00:30]} Ba5 {[%emt 0:00:30]} 26. Rb5 {[%emt 0:00:30]} Rxb5 {[%emt 0:00:30]} 27. axb5 {[%emt 0:00:30]} Ra7 {[%emt 0:00:00]} 28. f4 {[%emt 0:02:38]} f6 {[%emt 0:00:17]} 29. e5 {[%emt 0:01:54]} fxe5 {[%emt 0:01:16]} 30. fxe5 {[%emt 0:00:05]} dxe5 {[%emt 0:00:00]} 31. d6 {[%emt 0:03:54]} Kf8 {[%emt 0:00:34]} 32. Kf3 {[%emt 0:00:49]} Ke8 {[%emt 0:00:31]} 33. Ke4 {[%emt 0:00:22]} Bb6 {[%emt 0:00:16]} 34. Ra6 {[%emt 0:00:49]} Rb7 {[%emt 0:00:01]} 35. Kxe5 {[%emt 0:01:02]} Bd8 {[%emt 0:00:08]} 36. Bf3 {[%emt 0:00:40]} Rb8 {[%emt 0:00:31]} 37. Ra7 {[%emt 0:01:06]} Kf8 {[%emt 0:00:13]} 38. Bd5 {[%emt 0:00:03]} Bb6 {[%emt 0:02:03]} 39. Rf7+ {[%emt 0:00:30]} Ke8 {[%emt 0:00:00]} 40. Ke6 {[%emt 0:00:00]} c4 {[%emt 0:00:00]} 41. Bc6+ {[%emt 0:00:33]} 1-0

[Event "Turkish Super League 2019"]
[Site "Konya"]
[Date "2019.07.26"]
[Round "11"]
[White "Annaberdiyev, Babageldi"]
[Black "Keler, Faruk"]
[Result "1/2-1/2"]
[WhiteElo "2244"]
[BlackElo "2263"]
[Annotator "NA"]
[PlyCount "105"]
[EventDate "2019.07.17"]
[EventType "team-tourn"]
[EventCountry "TUR"]
[SourceTitle "playchess.com"]
[Source "ChessBase"]
[SourceQuality "1"]
[TimeControl "40/5400+30:1800+30"]

1. d4 d5 2. Nf3 Nf6 3. c4 e6 4. e3 a6 5. cxd5 exd5 6. Bd3 Bd6 7. Nc3 O-O 8. Qc2 Re8 9. h3 b6 10. Bd2 Bb7 11. Rd1 c5 12. O-O c4 13. Be2 b5 14. a3 Nbd7 {[%emt 1:04:00]} 15. Nh4 {[%emt 1:02:30]} g6 {[%emt 0:00:30]} 16. f4 {[%emt 0:02:30]} Nh5 {[%emt 0:05:30]} 17. Nf5 {[%emt 0:03:30]} gxf5 {[%emt 0:00:30]} 18. Bxh5 {[%emt 0:01:30]} Qf6 {[%emt 0:02:30]} 19. Bf3 {[%emt 0:00:00]} Nb6 {[%emt 0:00:30]} 20. Ne2 {[%emt 0:01:00]} Bc8 {[%emt 0:02:30]} 21. Ba5 {[%emt 0:01:30]} Rb8 {[%emt 0:00:30]} 22. Nc3 {[%emt 0:01:30]} Be6 {[%emt 0:04:55]} 23. Bxb6 {[%emt 0:00:00]} Rxb6 {[%emt 0:00:05]} 24. Bxd5 {[%emt 0:00:00]} b4 {[%emt 0:09:15]} 25. axb4 {[%emt 0:00:30]} Rxb4 {[%emt 0:00:00]} 26. Bf3 {[%emt 0:02:30]} Reb8 {[%emt 0:00:59]} 27. Rb1 {[%emt 0:02:30]} Rb3 {[%emt 0:02:34]} 28. Kh1 {[%emt 0:05:24]} a5 {[%emt 0:01:43]} 29. Qe2 {[%emt 0:04:25]} Bb4 {[%emt 0:01:41]} 30. Nd5 {[%emt 0:02:29]} Qd8 {[%emt 0:00:09]} 31. Nxb4 {[%emt 0:01:07]} R8xb4 {[%emt 0:00:30]} 32. d5 {[%emt 0:01:42]} Bd7 {[%emt 0:00:24]} 33. Rfd1 {[%emt 0:03:57]} Qb6 {[%emt 0:00:30]} 34. e4 {[%emt 0:00:00]} Re3 {[%emt 0:00:56]} 35. Qf1 {[%emt 0:02:43]} fxe4 {[%emt 0:00:47]} 36. Be2 {[%emt 0:00:00]} Ba4 {[%emt 0:01:51]} 37. Rdc1 {[%emt 0:00:35]} Qd4 {[%emt 0:04:17]} 38. Bxc4 {[%emt 0:00:28]} Bb3 {[%emt 0:00:58]} 39. Bxb3 {[%emt 0:00:42]} Rbxb3 {[%emt 0:00:39]} 40. Rc8+ {[%emt 0:01:11]} Kg7 {[%emt 0:00:00]} 41. f5 {[%emt 0:01:17]} Qe5 {[%emt 0:06:47]} 42. f6+ {[%emt 0:04:30]} Kh6 {[%emt 0:00:30]} 43. Rg8 {[%emt 0:00:30]} Rg3 {[%emt 0:05:30]} 44. Rxg3 {[%emt 0:04:30]} Rxg3 {[%emt 0:02:22]} 45. Rd1 {[%emt 0:07:36]} Rg6 {[%emt 0:06:21]} 46. Qe2 {[%emt 0:06:33]} Rxf6 {[%emt 0:00:40]} 47. d6 {[%emt 0:00:03]} Rxd6 {[%emt 0:00:41]} 48. Rxd6+ {[%emt 0:00:30]} Qxd6 {[%emt 0:00:30]} 49. Qxe4 {[%emt 0:00:00]} Qd1+ {[%emt 0:00:00]} 50. Kh2 {[%emt 0:02:34]} Qd6+ {[%emt 0:01:42]} 51. Kh1 {[%emt 0:00:30]} Qd1+ {[%emt 0:00:30]} 52. Kh2 {[%emt 0:00:30]} Qd6+ {[%emt 0:00:30]} 53. Kh1 {[%emt 0:00:00]} 1/2-1/2

[Event "Turkish Super League 2019"]
[Site "Konya"]
[Date "2019.07.26"]
[Round "11"]
[White "Demircioglu, Emre"]
[Black "Karagollu, Ahmet"]
[Result "1/2-1/2"]
[WhiteElo "2242"]
[BlackElo "2135"]
[Annotator "NA"]
[PlyCount "68"]
[EventDate "2019.07.17"]
[EventType "team-tourn"]
[EventCountry "TUR"]
[SourceTitle "playchess.com"]
[Source "ChessBase"]
[SourceQuality "1"]
[TimeControl "40/5400+30:1800+30"]

1. Nf3 Nf6 2. g3 g6 3. Bg2 Bg7 4. O-O O-O 5. c4 d6 6. d4 Nc6 7. Nc3 Bg4 8. h3 Bxf3 9. Bxf3 Nd7 10. e3 e5 11. d5 Ne7 12. e4 f5 13. Bg2 Nf6 14. Be3 Qd7 15. Kh2 Rf7 16. Rc1 Raf8 17. b4 f4 18. Bd2 g5 19. Re1 Ng6 20. Qa4 Qd8 21. Rh1 g4 22. Kg1 h5 {[%emt 1:04:00]} 23. h4 {[%emt 1:03:30]} a6 {[%emt 0:00:30]} 24. c5 {[%emt 0:02:30]} Bh6 {[%emt 0:05:30]} 25. Rd1 {[%emt 0:04:30]} Nd7 {[%emt 0:05:30]} 26. c6 {[%emt 0:01:30]} Nb6 {[%emt 0:00:30]} 27. Qb3 {[%emt 0:00:30]} Qf6 {[%emt 0:00:30]} 28. Be1 {[%emt 0:16:57]} fxg3 {[%emt 0:02:30]} 29. fxg3 {[%emt 0:00:30]} Be3+ {[%emt 0:00:30]} 30. Kh2 {[%emt 0:00:28]} Nxh4 {[%emt 0:01:30]} 31. gxh4 {[%emt 0:00:08]} Bf4+ {[%emt 0:05:14]} 32. Kg1 {[%emt 0:00:05]} Be3+ {[%emt 0:01:47]} 33. Kh2 {[%emt 0:00:01]} Bf4+ {[%emt 0:06:37]} 34. Kg1 {[%emt 0:00:17]} Be3+ {[%emt 0:02:27]} 1/2-1/2

[Event "Turkish Super League 2019"]
[Site "Konya"]
[Date "2019.07.26"]
[Round "11"]
[White "Tezcan, Emre"]
[Black "Apaydin, Fethi"]
[Result "1-0"]
[WhiteElo "2082"]
[BlackElo "2310"]
[Annotator "TA"]
[PlyCount "79"]
[EventDate "2019.07.17"]
[EventType "team-tourn"]
[EventCountry "TUR"]
[SourceTitle "playchess.com"]
[Source "ChessBase"]
[SourceQuality "1"]

{[%evp 23,79,81,81,62,118,119,135,77,92,87,90,75,165,104,103,102,104,95,114,81,114,114,109,118,122,121,115,102,145,149,145,100,175,164,172,153,208,177,185,141,186,177,602,275,537,576,526,516,1353,1352,1347,1332,1382,1368,1393,1404,29988,29989]} 1. d4 Nf6 2. c4 g6 3. Nc3 Bg7 4. e4 d6 5. f3 O-O 6. Be3 c6 7. Qd2 e5 8. Nge2 Nbd7 9. d5 cxd5 10. cxd5 a6 11. g4 b5 12. Ng3 Nb6 13. h4 {E89: King's Indian: Sämisch: 6...e5 7 d5 c6 8 Nge2 cxd5} Re8 ({Black should try} 13... Bxg4 $14 14. fxg4 Nxg4) (13... Nfd7 14. h5 Qe7 15. Qh2 Bh8 16. Bh6 Bb7 17. Nd1 Rfc8 18. Ne3 Rc7 19. Be2 g5 20. Nef5 Qd8 21. Nxd6 {½-½ (28) Lupulescu,C (2634)-Fedorov,A (2567) Mamaia 2013}) 14. h5 $16 Nfd7 15. hxg6 (15. Nd1 $142) 15... fxg6 16. Qh2 Nf8 17. Rc1 $146 ({Predecessor:} 17. Bd3 Bd7 18. b3 b4 19. Nce2 a5 20. Qf2 Nc8 {0-1 (50) Onem,C (1795)-Apaydin,F (2269) Antalya 2018}) 17... Bd7 {[#]} (17... Rb8 $16) 18. Qf2 (18. Nf5 $1 $18 {[%cal Rf5g7]} gxf5 19. gxf5) 18... Rb8 19. b3 Na8 20. Bd3 Rb7 21. O-O Bf6 22. Qd2 Re7 23. g5 Bg7 24. Kg2 Rf7 25. Nd1 Be8 26. Nf2 Nd7 27. Rc2 Nb8 (27... Nc7 $16 28. Rfc1 b4) 28. Rfc1 $18 Bd7 29. Be2 Bf8 (29... b4 $16 {was called for.} 30. Rc6 Qe7) 30. Nd3 a5 31. Nf1 Be7 32. Nh2 Kg7 $2 {[#]} (32... Nc7 33. Nf2 Ne8) 33. Nf2 (33. f4 $142) 33... Rf4 $2 (33... h5 34. gxh6+ Kh7) 34. Bxf4 exf4 35. Qd4+ Kf7 (35... Kg8 $142 36. Nhg4 Bxg5) 36. Nhg4 Bxg5 37. e5 dxe5 38. Nxe5+ Kg8 39. Nxd7 Qxd7 40. Rc8+ {Accuracy: White = 69%, Black = 41%.} 1-0

[Event "Turkish Super League 2019"]
[Site "Konya"]
[Date "2019.07.26"]
[Round "11"]
[White "Dolgun, Can"]
[Black "Esipenko, Andrey"]
[Result "1/2-1/2"]
[WhiteElo "2064"]
[BlackElo "2621"]
[Annotator "TA"]
[PlyCount "90"]
[EventDate "2019.07.17"]
[EventType "team-tourn"]
[EventCountry "TUR"]
[SourceTitle "playchess.com"]
[Source "ChessBase"]
[SourceQuality "1"]

{[%evp 20,90,0,7,4,0,8,2,5,0,5,0,29,0,29,10,41,48,87,89,93,100,91,122,98,32,119,109,121,109,106,125,106,120,128,106,92,37,59,0,0,0,0,0,0,0,2,0,50,43,53,40,65,53,50,47,55,50,55,54,57,0,40,0,57,57,57,57,57,0,52,0,55]} 1. e4 c5 2. Nf3 e6 3. d4 cxd4 4. Nxd4 Nc6 5. Nc3 Qc7 6. Be3 a6 7. Bd3 Nf6 8. O-O Be7 9. Kh1 O-O 10. a4 d6 11. f4 Bd7 {B48: Sicilian: Taimanov: 5 Nc3 Qc7 6 Be3 a6 without Be2} 12. Nxc6 $146 ({Predecessor:} 12. Qf3 Nb4 13. Qg3 Nxd3 14. cxd3 Kh8 15. Nf3 Bc6 16. a5 Nd7 17. Ng5 h6 18. Nf3 Bf6 19. d4 {1-0 (47) Dourerassou,J (2415)-Dalo,H (2274) Montcada 2015}) 12... Bxc6 13. a5 Rac8 14. Qe2 Nd7 15. Na4 Bf6 16. Nb6 (16. c3 {feels hotter.} Rce8 17. Nb6 Bd8 18. Rfe1 f5 19. exf5 exf5 20. Qf2) 16... Nxb6 17. Bxb6 Qe7 18. c4 g6 19. Rab1 e5 {[#]} 20. f5 $1 gxf5 21. Rxf5 Bd7 22. b4 ({Better is} 22. Rff1 $16) 22... Be6 (22... Bxf5 $14 23. exf5 Kh8) 23. Rff1 $16 Bg7 24. b5 Ra8 25. bxa6 Rxa6 26. c5 Raa8 27. cxd6 Qxd6 28. Rfc1 ({White should play} 28. Rfd1 $16) 28... Rfc8 29. Bc4 (29. Rd1 $14) 29... Qc6 $11 {[%cal Re6c4]} 30. Bxe6 $1 Qxc1+ 31. Rxc1 Rxc1+ 32. Bg1 fxe6 33. Qb2 Rc7 34. Qb6 {[%mdl 1024] White has compensation.} Rf7 35. g3 h6 36. Bc5 Rc8 37. Qb5 Kh7 38. Kg2 $1 Rc6 39. Bb6 Rc8 40. Bc5 Rc6 41. Bb6 Bf6 (41... Rc8 $11) 42. Kh3 $14 {[#] And now a6 would win.} Rc8 43. Qb3 Rc6 44. Qb5 {Threatens to win with a6.} Rc8 $1 45. Qb3 Rc6 {Accuracy: White = 60%, Black = 62%.} 1/2-1/2

[Event "Turkish Super League 2019"]
[Site "Konya"]
[Date "2019.07.26"]
[Round "11"]
[White "Unat, Can Haktan"]
[Black "Cansun, Can Alp"]
[Result "1/2-1/2"]
[WhiteElo "2034"]
[BlackElo "2121"]
[Annotator "NA"]
[PlyCount "120"]
[EventDate "2019.07.17"]
[EventType "team-tourn"]
[EventCountry "TUR"]
[SourceTitle "playchess.com"]
[Source "ChessBase"]
[SourceQuality "1"]
[TimeControl "40/5400+30:1800+30"]

1. d4 Nf6 2. Nc3 d5 3. Bf4 e6 4. e3 a6 5. Nf3 c5 6. dxc5 Bxc5 7. Bd3 Nc6 8. O-O h6 9. a3 O-O 10. b4 Ba7 11. e4 b5 12. exd5 Nxd5 13. Nxd5 Qxd5 14. Re1 Bb7 15. Be4 Qxd1 16. Raxd1 {[%emt 0:51:00]} Rfd8 {[%emt 1:16:00]} 17. Ne5 {[%emt 0:01:30]} Rxd1 {[%emt 0:06:05]} 18. Rxd1 {[%emt 0:00:00]} Rd8 {[%emt 0:00:50]} 19. Rxd8+ {[%emt 0:00:00]} Nxd8 {[%emt 0:00:30]} 20. Bxb7 {[%emt 0:00:30]} Nxb7 {[%emt 0:00:30]} 21. Nc6 {[%emt 0:00:30]} Bb6 {[%emt 0:00:00]} 22. Nb8 {[%emt 0:02:30]} a5 {[%emt 0:00:20]} 23. Nd7 {[%emt 0:00:00]} Bd4 {[%emt 0:01:15]} 24. Be5 {[%emt 0:18:00]} Bxe5 {[%emt 0:01:00]} 25. Nxe5 {[%emt 0:00:30]} axb4 {[%emt 0:00:30]} 26. axb4 {[%emt 0:00:00]} f6 {[%emt 0:00:00]} 27. Nd3 {[%emt 0:03:00]} e5 {[%emt 0:01:14]} 28. f4 {[%emt 0:06:30]} e4 {[%emt 0:04:12]} 29. Nb2 {[%emt 0:00:30]} Nd6 {[%emt 0:00:15]} 30. Kf2 {[%emt 0:00:00]} Kf7 {[%emt 0:02:23]} 31. Ke3 {[%emt 0:00:00]} Ke6 {[%emt 0:01:53]} 32. Kd4 {[%emt 0:02:25]} f5 {[%emt 0:05:18]} 33. Nd1 {[%emt 0:00:42]} Nc4 {[%emt 0:01:46]} 34. h3 {[%emt 0:13:20]} Kd6 {[%emt 0:01:22]} 35. g4 {[%emt 0:00:42]} g6 {[%emt 0:00:18]} 36. Nf2 {[%emt 0:01:14]} Na3 {[%emt 0:00:56]} 37. Kc3 {[%emt 0:01:02]} Kd5 {[%emt 0:01:10]} 38. Nh1 {[%emt 0:00:04]} Nb1+ {[%emt 0:00:41]} 39. Kb2 {[%emt 0:00:08]} e3 {[%emt 0:00:21]} 40. Ng3 {[%emt 0:00:41]} Nd2 {[%emt 0:00:00]} 41. gxf5 {[%emt 0:02:42]} gxf5 {[%emt 0:00:41]} 42. c3 {[%emt 0:00:00]} Nf3 {[%emt 0:19:11]} 43. Kc2 {[%emt 0:01:00]} Ng1 {[%emt 0:01:03]} 44. h4 {[%emt 0:05:30]} Nh3 {[%emt 0:05:54]} 45. Nxf5 {[%emt 0:17:35]} e2 {[%emt 0:01:03]} 46. Kd2 {[%emt 0:01:15]} Nxf4 {[%emt 0:00:02]} 47. Ng3 {[%emt 0:02:06]} Kc4 {[%emt 0:02:46]} 48. Ne4 {[%emt 0:00:03]} Kd5 {[%emt 0:00:21]} 49. Ng3 {[%emt 0:00:05]} e1=Q+ {[%emt 0:00:51]} 50. Kxe1 {[%emt 0:00:30]} Ng2+ {[%emt 0:00:00]} 51. Ke2 {[%emt 0:01:28]} Nxh4 {[%emt 0:00:05]} 52. Kd3 {[%emt 0:00:51]} Ng6 {[%emt 0:00:44]} 53. Ke3 {[%emt 0:00:47]} Ne5 {[%emt 0:02:05]} 54. Kf4 {[%emt 0:00:27]} Nf7 {[%emt 0:01:03]} 55. Kf5 {[%emt 0:00:35]} Nd6+ {[%emt 0:00:21]} 56. Kg6 {[%emt 0:01:02]} Kc4 {[%emt 0:02:39]} 57. Ne2 {[%emt 0:00:05]} Kd3 {[%emt 0:00:41]} 58. Nd4 {[%emt 0:00:08]} h5 {[%emt 0:00:08]} 59. Kxh5 {[%emt 0:00:30]} Kxc3 {[%emt 0:00:30]} 60. Nxb5+ {[%emt 0:00:30]} Nxb5 {[%emt 0:00:00]} 1/2-1/2

[Event "Turkish Super League 2019"]
[Site "Konya"]
[Date "2019.07.26"]
[Round "11"]
[White "Aydin, Hakan Arda"]
[Black "Heberla, Bartlomiej"]
[Result "0-1"]
[WhiteElo "1956"]
[BlackElo "2534"]
[Annotator "ChessBase"]
[PlyCount "70"]
[EventDate "2019.07.17"]
[EventType "team-tourn"]
[EventCountry "TUR"]
[SourceTitle "playchess.com"]
[Source "ChessBase"]
[SourceQuality "1"]
[TimeControl "40/5400+30:1800+30"]

1. e4 c5 2. Nf3 e6 3. d4 cxd4 4. Nxd4 Nf6 5. Nc3 d6 6. Bg5 h6 7. Be3 a6 8. f3 b5 9. a3 Bb7 10. Qd2 Nbd7 11. g4 Rc8 12. O-O-O Nb6 13. h4 Nfd7 14. g5 hxg5 15. Bxg5 Qc7 16. Qg2 Ne5 17. Qh3 {[%emt 1:19:11]} Qd7 {[%emt 0:47:30]} 18. f4 {[%emt 0:00:30]} Nec4 {[%emt 0:00:30]} 19. Bxc4 {[%emt 0:00:30]} Nxc4 {[%emt 0:02:30]} 20. f5 {[%emt 0:06:31]} e5 {[%emt 0:00:30]} 21. Ne6 {[%emt 0:03:01]} Nb6 {[%emt 0:11:30]} 22. Rh2 {[%emt 0:04:01]} Rc6 {[%emt 0:25:42]} 23. Rhd2 {[%emt 0:01:59]} f6 {[%emt 0:00:31]} 24. Be3 {[%emt 0:01:22]} Rxc3 {[%emt 0:00:04]} 25. bxc3 {[%emt 0:01:34]} Nc4 {[%emt 0:00:02]} 26. Rd5 {[%emt 0:00:38]} Bxd5 {[%emt 0:01:55]} 27. Rxd5 {[%emt 0:01:18]} g5 {[%emt 0:05:02]} 28. Bf2 {[%emt 0:02:27]} Qc6 {[%emt 0:01:04]} 29. Qg4 {[%emt 0:00:44]} Nxa3 {[%emt 0:00:36]} 30. Rd3 {[%emt 0:00:36]} Qc4 {[%emt 0:00:20]} 31. hxg5 {[%emt 0:00:28]} Qa2 {[%emt 0:00:46]} 32. Kd2 {[%emt 0:00:35]} Qxc2+ {[%emt 0:01:15]} 33. Ke3 {[%emt 0:00:10]} Nc4+ {[%emt 0:00:47]} 34. Kf3 {[%emt 0:00:05]} Rh2 {[%emt 0:01:07]} 35. Nc7+ {[%emt 0:01:16]} Kd7 {[%emt 0:00:17]} 0-1

[Event "Turkish Super League 2019"]
[Site "Konya"]
[Date "2019.07.27"]
[Round "12"]
[White "Tomashevsky, Evgeny"]
[Black "Moiseenko, Vadim"]
[Result "1-0"]
[WhiteElo "2702"]
[BlackElo "2523"]
[Annotator "ChessBase"]
[PlyCount "102"]
[EventDate "2019.07.17"]
[EventType "team-tourn"]
[EventCountry "TUR"]
[SourceTitle "playchess.com"]
[Source "ChessBase"]
[SourceQuality "1"]
[TimeControl "40/5400+30:1800+30"]

1. d4 d5 2. c4 e6 3. Nf3 c6 4. e3 Nd7 5. Bd3 Bd6 6. O-O Qe7 7. Nc3 Ngf6 8. c5 Bc7 9. e4 dxe4 10. Nxe4 Nxe4 11. Bxe4 O-O 12. Bg5 f6 13. Bh4 Rd8 14. Qb3 Nf8 15. Bg3 Rb8 16. Qa3 a6 17. Rad1 Kh8 18. Rfe1 Bxg3 19. hxg3 Qc7 20. Qc3 b6 21. Nd2 bxc5 22. dxc5 e5 23. Nc4 Rxd1 24. Rxd1 Ne6 25. Nd6 Nd4 26. Rxd4 exd4 27. Qc4 g6 28. Qxd4 Qe7 29. Bxc6 a5 30. a3 Kg7 31. Kh2 Qe5 32. Qxe5 fxe5 33. b4 axb4 34. axb4 Rxb4 35. Nxc8 Rc4 36. Nb6 Rxc5 37. Be4 Kf7 38. g4 Ke6 39. f3 Rb5 40. Nc4 Rc5 41. Nd2 Ra5 42. g5 Ra7 43. Nc4 Ra4 44. Ne3 Ra5 45. Kg3 Kf7 {[%emt 1:23:30]} 46. Bd5+ {[%emt 2:04:10]} Kg7 {[%emt 0:00:30]} 47. Kf2 {[%emt 0:00:30]} h6 {[%emt 0:00:30]} 48. gxh6+ {[%emt 0:00:30]} Kxh6 {[%emt 0:00:30]} 49. Be4 {[%emt 0:00:30]} Kg5 {[%emt 0:01:30]} 50. Kg3 {[%emt 0:01:24]} Ra2 {[%emt 0:01:30]} 51. Ng4 {[%emt 0:01:26]} Ra5 {[%emt 0:00:00]} 1-0